| 000 | 00938nam a22002417a 4500 | ||
|---|---|---|---|
| 005 | 20170123164141.0 | ||
| 010 | _aB-028852 | ||
| 020 |
_c100.00 _a8186583300 |
||
| 035 | _aB-28852 | ||
| 040 |
_aDPL _bPN |
||
| 082 |
_aਕ _bਹਰਬ |
||
| 100 |
_aਹੰਸਪਾਲ, ਹਰਬਖਸ਼ ਸਿੰਘ _96826 |
||
| 245 |
_aਜ਼ਿੰਦਗੀ ਦੀ ਕੀਮਤ / _c ਹਰਬਖਸ਼ ਸਿੰਘ ਹੰਸਪਾਲ |
||
| 246 |
_aZindgi di Keemat _bby Harbaksh singh hanspal |
||
| 260 |
_aਦਿੱਲੀ _bਵੈੱਲ ਵਿਸ਼ ਪਬਲਿਸ਼ਰਜ਼ |
||
| 270 |
_aਪੀ.ਪੀ. ਮੌਰੀਆ ਅੌੱਨਕਲੇਵ _bਦਿੱਲੀ _e110034 |
||
| 300 |
_a96p. _c23cm(Hb) |
||
| 650 |
_aਪੰਜਾਬੀ - ਕਹਾਣੀਆਂ _915360 |
||
| 650 |
_aਪੰਜਾਬੀ ਸਾਹਿਤ _9779 |
||
| 650 |
_aPunjabi stories _96279 |
||
| 650 |
_aPunjabi Literature _9781 |
||
| 942 |
_2ddc _cPN _hਕ _mਹੰਸਪਾ |
||
| 999 |
_c109705 _d109705 |
||